00458 a2200169 4500001000700000020001800007041000800025100004500033250001000078300001400088490002400102830002400126856002400150040002500174245005800199260003100257114764 a9781407144047 apor aShelley, Mary Wollstonecraft, 1797-1851. a. ed. a247 p. ;. aScholastic classics aScholastic classics u000034/000034a9.jpg aBR-BrIDEAcBR-BrIDEA10aFrankensteinc Mary Wollstonecraft, 1797-1851 Shelley aNew YorkbScholasticc2013